000 00539nam a2200169Ia 4500
008 220531s9999 xx 000 0 und d
041 _amar
100 _aमुंडे मच्‍छंद्रनाथ आणि इतर
_944392
245 _aअंधश्रध्‍दांची दुनिया चमत्‍काराची किमया
250 _a1ST
260 _bA. N. S.
_c1999
300 _a96
542 _d28-02-2002
650 _aSociology
_944393
906 _d2001-2002
999 _c26297
_d26297